|
|
|
|
| LEADER |
02032nam a2200517 a 4500 |
| 001 |
nkc20142589497 |
| 003 |
CZ PrNK |
| 005 |
20140626094023.0 |
| 007 |
ta |
| 008 |
140513s2014 xr a e c 000 0dcze |
| 020 |
|
|
|a 978-80-87436-04-2
|q (brož.)
|
| 040 |
|
|
|a BOA001
|b cze
|
| 043 |
|
|
|a e-xr---
|
| 045 |
|
|
|a x6x9
|
| 072 |
|
7 |
|a 75
|x Malířství
|2 Konspekt
|9 21
|
| 080 |
|
|
|a 75(437.3)
|2 MRF
|
| 080 |
|
|
|a 75.036/.038
|2 MRF
|
| 080 |
|
|
|a (437.3)
|2 MRF
|
| 080 |
|
|
|a (083.824)
|2 MRF
|
| 100 |
1 |
|
|a Hajn, Alva,
|d 1938-1991
|7 jn19990003079
|4 art
|
| 245 |
1 |
0 |
|a Alva Hajn :
|b obrazy /
|c [texty Milan Knížák, Martina Vítková]
|
| 246 |
3 |
|
|a Obrazy - Alva Hajn
|
| 246 |
3 |
0 |
|a Alva Hajn - obrazy
|
| 260 |
|
|
|a [Pardubice] :
|b STAPRO,
|c [2014]
|
| 300 |
|
|
|a 79 s. :
|b barev. il. ;
|c 20 cm
|
| 500 |
|
|
|a Životopisná data, přehled výstav a zastoupení ve sbírkách
|
| 500 |
|
|
|a Vydáno u příležitosti výstav Alva Hajn - obrazy, 15.5.-22.6.2014, Galerie FONS, Pardubice, Alva Hajn - sochy a objekty, 15.5.-22.6.2014, Galerie města Pardubic a k výstavám připravovaným v roce 2015 ...
|
| 504 |
|
|
|a Obsahuje bibliografii
|
| 600 |
1 |
7 |
|a Hajn, Alva,
|d 1938-1991
|7 jn19990003079
|2 czenas
|
| 648 |
|
4 |
|a 1960-1990
|
| 648 |
|
7 |
|a 20. století
|7 ch460558
|2 czenas
|
| 650 |
0 |
7 |
|a české malířství
|7 ph116864
|y 20. stol.
|2 czenas
|
| 650 |
0 |
7 |
|a moderní malířství
|7 ph122940
|z Česko
|2 czenas
|
| 650 |
0 |
9 |
|a Czech painting
|y 20th century
|2 eczenas
|
| 650 |
0 |
9 |
|a modern painting
|z Czechia
|2 eczenas
|
| 655 |
|
7 |
|a katalogy výstav
|7 fd132536
|2 czenas
|
| 655 |
|
9 |
|a exhibition catalogs
|2 eczenas
|
| 700 |
1 |
|
|a Knížák, Milan,
|d 1940-
|7 jk01060827
|4 wfw
|
| 700 |
1 |
|
|a Vítková, Martina,
|d 1968-
|7 ola2003206251
|4 wfw
|
| 710 |
2 |
|
|a Galerie Fons (Pardubice, Česko)
|7 kn20090225012
|
| 710 |
2 |
|
|a Galerie města Pardubic
|7 pag2013789740
|
| 910 |
2 |
|
|a BOA001
|b 1-1327.819
|
| 990 |
|
|
|a BK
|
| 995 |
|
|
|a 11
|
| 991 |
|
|
|b 201406
|c NOV
|e n
|
| 996 |
6 |
|
|b 2610592738
|c 1-1327.819
|l MZK
|r Sklad / do 1 hodiny
|n 0
|p p.v.
|w 001425714
|u 000010
|a 1
|e BOA001
|j MZK50
|s P
|